000 00465nam a2200193Ia 4500
005 20250425162647.0
008 250425s9999 xx 000 0 und d
041 _aeng
082 _a530.024
100 _aMORSE, PHILIP M.
245 0 _aMETHODS OF THEORETICAL PHYSICS
250 _aS.E
260 _aEstados Unidos
_bMCGRAW - HILL BOOK COMPANY
_c1953
300 _a996
650 _aFISICA
700 _aFESHBACH, HERMAN
942 _c01
010 _a95039
999 _c233842
_d233842